00000000nam##2200000za#4500
0019.612110
003CaOODSP
00520200401041257
007ta
008150406|1994||||xxc|||||     f|0| 0 eng|d
022 |a0825-0170
040 |aCaOODSP|beng
043 |an-cn---
0861 |aNE12-3/11-1994E
1101 |aCanada. |bNational Energy Board.
24514|aThe Frontier Information Office
260 |aCalgary - Alberta : |bNational Energy Board |c1994.
300 |a4p. : |bfig. ; |c28 cm.
4901 |aInformation bulletin |x0825-0170|vXI
500 |a"This information bulletin describes services and technical resources that are provided by the National Energy Board's Frontier Information Office, Energy Resources Branch."--Cover page.
5203 |aThis information bulletin describes services and technical resources that are provided by the National Energy Board's Frontier Information Office, Energy Resources Branch.--Cover page
563 |aProcessed
7760#|tThe Frontier Information Office |w(CaOODSP)9.573034
830#0|aInformation bulletin,|x0825-0170|vXI|w(CaOODSP)9.514804